Detox hlavy /

Hlavní autor: Aora, Vít, 1996-
Jazyk: Čeština
Vydáno: [Jesenice] : [Vít Aora], 2022
Vydání: 1. vydání
Témata:
Fyzický popis: 165 stran ; 21 cm
Knihy
Uloženo v:
LEADER 02148nam a2200589 i 4500
001 nkc20223423073
003 CZ PrNK
005 20221208075816.0
007 ta
008 220523s2022 xr e f 000 0 cze
015 |a cnb003423073 
020 |a 978-80-11-01612-8  |q (brožováno) 
035 |a (OCoLC)1344359754 
040 |a BOA001  |b cze  |d ABA001  |e rda 
072 7 |a 615.8  |x Fyzioterapie. Psychoterapie. Alternativní lékařství  |2 Konspekt  |9 14 
080 |a 615.8  |2 MRF 
080 |a 613.86  |2 MRF 
080 |a 159.942-022.212  |2 MRF 
080 |a 159.923.5  |2 MRF 
080 |a 159.913  |2 MRF 
080 |a 159.947.5  |2 MRF 
080 |a (0.062)  |2 MRF 
100 1 |a Aora, Vít,  |d 1996-  |7 xx0212172  |4 aut  |4 pbl 
245 1 0 |a Detox hlavy /  |c Vít Aora 
250 |a 1. vydání 
264 1 |a [Jesenice] :  |b [Vít Aora],  |c 2022 
264 3 |b Brno :  |b tisk: ExpressPrint/Expresta (Projects, s.r.o.) 
300 |a 165 stran ;  |c 21 cm 
336 |a text  |b txt  |2 rdacontent 
337 |a bez média  |b n  |2 rdamedia 
338 |a svazek  |b nc  |2 rdacarrier 
500 |a Obálkový podnázev: praktické techniky, rituály a postupy pro čistou mysl a skvělý pocit z každého dne 
650 0 7 |a alternativní terapie  |7 ph137043  |2 czenas 
650 0 7 |a zvládání stresu  |7 ph135858  |2 czenas 
650 0 7 |a negativní emoce  |7 ph115428  |2 czenas 
650 0 7 |a pozitivní myšlení  |7 ph124475  |2 czenas 
650 0 7 |a psychohygiena  |7 ph115945  |2 czenas 
650 0 7 |a afirmace  |7 ph868586  |2 czenas 
650 0 9 |a alternative therapy  |2 eczenas 
650 0 9 |a stress management  |2 eczenas 
650 0 9 |a negative emotions  |2 eczenas 
650 0 9 |a positive thinking  |2 eczenas 
650 0 9 |a mental hygiene  |2 eczenas 
650 0 9 |a affirmation  |2 eczenas 
655 7 |a populárně-naučné publikace  |7 fd131864  |2 czenas 
655 9 |a popular works  |2 eczenas 
910 2 |a BOA001  |b 2-1491.644 
990 |a BK 
995 |a 01 
991 |b 202208  |c NOV 
996 6 |b 2610911162  |c 2-1491.644  |l MZK  |r Sklad / do 1 hodiny  |n 1  |p p.v.  |w 001895136  |u 000010  |a 1  |e BOA001  |j MZK50  |s P 
996 7 |b 2610924167  |c 2-1491.644  |l Vol.výběr  |r VV 0p  |n 10  |p kup  |h 615.8 AOR  |w 001895136  |u 000020  |a 0  |e BOA001  |j MZK50  |s A